=LDR 00000nam 2200000 4500 =001 INLIS000000000049755 =005 20170327093901.0 =006 =007 =008 =020 ##$$a 978-602-9434-49-1 =035 ##$$0010-031700000000200 =040 ##$$a NBPDMAT =082 ##$$a 371.9 =090 ##$$a 371.9 Sri i =100 ##$$a Sri Sudari Setyorini =245 ##$$a Ilmu Pengetahuan Sosial ( IPS ) untuk SLB kelas dasar 4 tunarungu $c Sri Sudari Setyorini, S. Pd., Sri Sularti, S.Pd. =260 ##$$a Yogyakarta $b Familia $c [20..?] =300 ##$$a 80 hlm. $b ilus $c 19 cm. =500 ##$$a Bibliografi : hlm .77 Biografi : 79 =650 ##$$a Pendidikan Luar Biasa - IPS =700 ##$$a Sri Sularti =850 ##$$a NBPDMAT